Proyecto de desarrollo de la infraestructura de la zona norte
Збережено в:
| Співавтор: | |
|---|---|
| Формат: | Текст |
| Опубліковано: |
San José :
|
| Предмети: | |
| Теги: |
Додати тег
Немає тегів, Будьте першим, хто поставить тег для цього запису!
|
MARC
| LEADER | 00000 a a2200000 04500 | ||
|---|---|---|---|
| 001 | 14141 | ||
| 003 | |||
| 040 | |||
| 090 | |a 022800 | ||
| 110 | |a Costa Rica. Ministerio de Planificación Nacional y Política Económica | ||
| 245 | |a Proyecto de desarrollo de la infraestructura de la zona norte | ||
| 260 | |a San José : | ||
| 300 | |a 11 p. | ||
| 650 | |a PROYECTOS DE DESARROLLO | ||
| 999 | |c 15442 |d 15442 | ||
